新疆维吾尔自治区县级市 - Statistics

General Stats
  • This quiz has been taken 22 times
  • The average score is 26 of 29
Answers on the Map
Answers color-coded by a green-red scale on the quiz's map according to % correct below.
 
Answer Stats
Answer % Correct
昌吉市
100%
库尔勒市
100%
阿克苏市
100%
喀什市
100%
和田市
100%
伊宁市
100%
阿勒泰市
100%
石河子市
100%
图木舒克市
100%
铁门关市
100%
可克达拉市
100%
博乐市
95%
阿图什市
95%
塔城市
95%
阿拉尔市
95%
五家渠市
95%
北屯市
95%
昆玉市
95%
胡杨河市
95%
奎屯市
90%
双河市
90%
新星市
90%
霍尔果斯市
85%
白杨市
85%
阿拉山口市
80%
库车市
80%
乌苏市
65%
沙湾市
60%
阜康市
45%
No matching quizzes found
Score Distribution
Percent of People with Each Score
Percentile by Number Answered
Your Score History
You have not taken this quiz